Statistiques concernant 15 principaux pays touchés par Covid-19 - 4 mai

Cliquez ici pour prendre le quiz!

Statistiques générales

  • Ce quiz a été pris 36 fois
  • Le résultat moyen est 17 sur 24

Statistiques - réponses

pays% Correct
Espagne
100%
France
100%
Chine
97%
Etats-Unis
97%
Italie
97%
Royaume-Uni
94%
Allemagne
92%
Russie
92%
Brésil
83%
Canada
83%
Belgique
78%
Belgique
78%
Pays-Bas
78%
Portugal
78%
Suisse
78%
Inde
72%
Suède
67%
Iran
64%
Irlande
58%
Turquie
53%
Pérou
28%
Qatar
19%
Singapour
17%
Bahreïn
6%

Distribution des résultats

Percentile par nombre de réponses

% des personnes avec chaque résultat

Votre développement - résultats

Vous n’avez pas pris ce quiz